| 000 | 00883cab a22002295a 4500 | ||
|---|---|---|---|
| 001 | L155004 | ||
| 008 | 120216e20120211xxk 000 0 eng d | ||
| 035 | _a(Sirsi) u155004 | ||
| 041 | 0 | _aeng | |
| 100 | 1 | _aHarrison, Piers | |
| 245 | 0 | 0 | _aDevelopment value in collective enfranchisement claims: Part 1 |
| 260 | _c2012 | ||
| 490 |
_aEstates Gazette _v(1206) 11 February 2012, 88-89(2) |
||
| 520 | _aPart 1 of a Mainly for Students article which looks at the calculation of development value in collective enfranchisement claims. Refers to case law and worked examples. For Part 2 see L155136. | ||
| 590 | _aKA | ||
| 650 | 2 | 4 | _aARROWDELL V CONISTON COURT (NORTH) HOVE LTD |
| 650 | 2 | 4 | _aLEASEHOLD REFORM, HOUSING AND URBAN DEVELOPMENT ACT 1993 SCHED 6 |
| 651 | 4 |
_aEngland and Wales _y1543- |
|
| 690 |
_aValuation _96273 |
||
| 690 |
_aResidential property _96266 |
||
| 942 | _n0 | ||
| 999 |
_c83779 _d83779 |
||